000 02195nkm0a2200445 4500
001 RU\NLR\BIBL_A\022683817
005 20260406163935.0
035 _a(NLR Aleph) 022683817
090 _a13540022
_c13540022
100 _a20251209d1917 u y0rusy50 ca
101 0 _arus
102 _aRU
116 _aiiyaxx zz ad
135 _acrcn 024anaba
181 0 _ab4
_bxb2e
182 0 _an
200 1 _aПод властью могилы
_eМатильда
_eв главной роли красавица Италии Кассини
_eакц. общ. "Биофильм", бывш. "Биохром"
_e[плакат]
203 _aИзображение
_bнеподвижное
_bдвухмерное
_bвизуальное
_cнепосредственное
210 _aПетроград
_c"Электропечатня" Я. Кровицкого
_d1917
215 _a1 л. (4 изобр.)
_cфотомехан. печ.
_d101,4х76,1
300 _aЦенз. разреш.: "Дозволено военной цензурой. Петроград, 22 января 1917 г."
325 _aКопия доступна в Электрон. б-ке РНБ
327 0 _aЧ/б фото сцен фильма
517 1 _aМатильда
606 1 _aКиноплакат русский
_z1908 - 1919
_92508567
_3RU\NLR\AUTH\6601702435
686 _aЩ153(2Р=Рус)53-465
711 0 2 _4650
_a"Биохром", акционерное общество
_cПетербург
_3RU\NLR\AUTH\889935348
_9365627
712 0 2 _a"Электропечатня" Я. Коровицкого
_cПетроград, Разъезжая, 6
_4610
852 0 0 _aNLR
_bЭ
_jАфИс900-II/П440
_mинв.155140
852 0 0 _aNLR
_bЭ
_jАфИс900-II/П440
_mЭаф5064
856 0 _uhttps://vivaldi.nlr.ru/la700001355/view
856 1 _uhttps://vivaldi.nlr.ru/la700001355/cover
856 2 _uhttps://vivaldi.nlr.ru/la700001355/text
942 _cVISUAL
980 _aNB
981 1 7 _a(17) Изографические материалы
_b(17) Плакаты